[Event "Schleswig Holstein-ch Seniors op 10th"]
[Site "Buesum"]
[Date "2016.10.02"]
[Round "7"]
[White "Howe, Dietrich"]
[Black "Boss, Kurt"]
[Result "1-0"]
[WhiteElo "1544"]
[BlackElo "906"]
[PlyCount "83"]
[EventDate "2016.09.26"]
[EventType "swiss"]
[EventRounds "9"]
[EventCountry "GER"]
[SourceTitle "EXT 2019"]
[Source "ChessBase"]
[SourceDate "2018.10.10"]
[SourceVersion "1"]
[SourceVersionDate "2018.10.10"]
[SourceQuality "1"]

1. e4 c6 2. d4 d5 3. Nc3 Nf6 4. e5 Ne4 5. Nxe4 dxe4 6. Bc4 h6 7. c3 Bf5 8. Ne2 Bg4 9. h3 Be6 10. Bxe6 fxe6 11. Ng3 Qd5 12. Qh5+ Kd8 13. 0-0 Rg8 14. Qg6 Rh8 15. Nxe4 Kd7 16. Nc5+ Kc7 17. Nxe6+ Kb6 18. b3 Qa5 19. c4 Qc3 20. c5+ Ka6 21. Be3 b6 22. Rfc1 Qb4 23. Nc7+ Kb7 24. Nxa8 Kxa8 25. cxb6 axb6 26. Qe8 Kb7 27. Rc4 Qb5 28. Rac1 g5 29. Qf7 Nd7 30. Qe8 Qd5 31. Qg6 Rg8 32. Qc2 g4 33. h4 g3 34. f3 Nb8 35. b4 Bg7 36. a4 Rc8 37. a5 bxa5 38. bxa5 Qxa5 39. Ra4 Qd8 40. Qc4 e6 41. Qb4+ Kc7 42. Ra7# 1-0